Embryology / (Record no. 148392)

MARC details
000 -LEADER
fixed length control field 00533nam a22001817a 4500
005 - DATE AND TIME OF LATEST TRANSACTION
control field 20171223151619.0
010 ## - LCCN (DPL NO)
LC control number ENG-121965
020 ## - INTERNATIONAL STANDARD BOOK NUMBER
International Standard Book Number 9788189941024
Terms of availability 200.00
035 ## - SYSTEM CONTROL NUMBER
System control number EN-105497
037 ## - SOURCE OF ACQUISITION
Source of stock number/acquisition DBAD/PUB
082 ## - DEWEY DECIMAL CLASSIFICATION NUMBER
Classification number 571.86
100 ## - MAIN ENTRY--PERSONAL NAME
Personal name Arumugam, N.
245 ## - TITLE STATEMENT
Title Embryology /
Statement of responsibility, etc by N. Arumugam
260 ## - PUBLICATION, DISTRIBUTION, ETC. (IMPRINT)
Place of publication, distribution, etc Kanyakumari
Name of publisher, distributor, etc Saras
Date of publication, distribution, etc 2013
270 ## - ADDRESS
Address 114/35G,A.R.P. Camp Road ,Perivali, Kottar P.O.,Nagercoil,
City Kanyakumari
Postal code 629002
300 ## - PHYSICAL DESCRIPTION
Extent xiv,616p.
Dimensions 225cm(Hb)
942 ## - ADDED ENTRY ELEMENTS (KOHA)
Source of classification or shelving scheme Dewey Decimal Classification
Item type English Books
Classification part 571.86
Call number suffix ARU
Holdings
Withdrawn status Lost status Not for loan Collection code Home library Current library Date acquired Source of acquisition Cost, normal purchase price Full call number Barcode Copy number Cost, replacement price Koha item type
    Not For Loan Non-fiction D.B.Act.Division Bawana 23/12/2017 DBAD/PUB 1200.00 571.86 ARU EN-105497 1 200.00 English Books

© Delhi Public Library
Hit Counter
free hit counter